Name the Taylor Swift Song by one word - Statistics

General Stats
  • This quiz has been taken 2,769 times
  • The average score is 12 of 36
Answer Stats
Hint Answer % Correct
refrigerator All Too Well
69%
bridesmaid Speak Now
65%
buzzcut Dress
62%
narcissist I Did Something Bad
54%
sneakers You Belong With Me
53%
indie We Are Never Ever Getting Back Together
52%
passport Blank Space
49%
karma Look What You Made Me Do
49%
alpha The Man
49%
gunfight Call It What You Want
46%
elegies the lakes
45%
lime the last great american dynasty
45%
cheshire Wonderland
45%
brain Shake It Off
39%
rugby London Boy
36%
crossword Red
36%
yogurt invisible string
35%
well-pressed Mr Perfectly Fine
33%
tattoos Ours
31%
breakfast 22
30%
eagles gold rush
28%
lungs Clean
27%
insurance no body no crime
25%
silhouette Enchanted
23%
mouse Paper Rings
22%
grumbling Mean
21%
napkin Our Song
21%
tennis cowboy like me
20%
shipwrecked evermore
16%
boardwalk Starlight
16%
wolves Daylight
12%
tendency Tim McGraw
11%
suburban coney island
10%
wink Fifteen
10%
pumpkin The Best Day
10%
pink It's Nice to Have a Friend
4%
No matching quizzes found
Score Distribution
Percent of People with Each Score
Percentile by Number Answered
Your Score History
You have not taken this quiz